The rainbow suite (Record no. 84129)
[ view plain ]
| 000 -LEADER | |
|---|---|
| fixed length control field | 00541cab a22001935a 4500 |
| 001 - CONTROL NUMBER | |
| control field | L156734 |
| 008 - FIXED-LENGTH DATA ELEMENTS--GENERAL INFORMATION | |
| fixed length control field | 120705s2012 xxka f 000 0 eng d |
| 035 ## - SYSTEM CONTROL NUMBER | |
| System control number | (Sirsi) u156734 |
| 041 0# - LANGUAGE CODE | |
| Language code of text/sound track or separate title | eng |
| 100 1# - MAIN ENTRY--PERSONAL NAME | |
| Personal name | Battrick, Paul |
| 245 04 - TITLE STATEMENT | |
| Title | The rainbow suite |
| Remainder of title | the 1999 FIDIC contracts, part 9 |
| -- | cash flow |
| 260 ## - PUBLICATION, DISTRIBUTION, ETC. | |
| Date of publication, distribution, etc. | 2012 |
| 490 ## - SERIES STATEMENT | |
| Series statement | Civil Engineering Surveyor |
| Volume/sequential designation | June 2012, 17-19(3) |
| 520 ## - SUMMARY, ETC. | |
| Summary, etc. | Looks at cash flow with FIDIC contracts. |
| 651 #4 - SUBJECT ADDED ENTRY--GEOGRAPHIC NAME | |
| Geographic name | International |
| 690 ## - LOCAL SUBJECT ADDED ENTRY--TOPICAL TERM (OCLC, RLIN) | |
| Topical term or geographic name as entry element | Contracts |
| 9 (RLIN) | 6232 |
| 700 1# - ADDED ENTRY--PERSONAL NAME | |
| Personal name | Duggan, Phil |
| 942 ## - ADDED ENTRY ELEMENTS (KOHA) | |
| Suppress in OPAC | 0 |
| Withdrawn status | Lost status | Source of classification or shelving scheme | Damaged status | Not for loan | Home library | Current library | Shelving location | Date acquired | Total Checkouts | Full call number | Barcode | Date last seen | Copy number | Price effective from | Koha item type |
|---|---|---|---|---|---|---|---|---|---|---|---|---|---|---|---|
| Dewey Decimal Classification | London | London | Journal article | 05/07/2012 | L156734 | 156734-1001 | 06/08/2019 | 1 | 06/08/2019 | Journal article |